Normal view
MARC view
- Capt Naveed Iqbal
Entry Personal Name
001 - CONTROL NUMBER
- control field: 47884
003 - CONTROL NUMBER IDENTIFIER
- control field: NUST
005 - DATE AND TIME OF LATEST TRANSACTION
- control field: 20210314133926.0
008 - FIXED-LENGTH DATA ELEMENTS
- fixed length control field: 210314|| aca||aabn | a|a d
040 ## - CATALOGING SOURCE
- Original cataloging agency: NUST
- Transcribing agency: NUST
100 ## - HEADING--PERSONAL NAME
- Personal name: Capt Naveed Iqbal
670 ## - SOURCE DATA FOUND
- Source citation: Work cat.: (NUST): Capt Naveed Iqbal 47883, Sheet Pilling Walls , 20.10.2008
